Нормален изглед
MARC изглед
- Райкин, Спас Тодоров
Вход 01. Лично име
001 - Контролен номер на записа
- Контролно поле: 114546
003 - Код на организацията, даваща контролен номер
- Контролно поле: BLK
005 - Дата и час на последна промяна на записа
- Контролно поле: 20180412185123.0
008 - Данни с фиксирана дължина – обща информация
- Данни с фиксирана дължина : 180403n| acnz|abbn | aba d
100 1# - ИМЕ НА ЛИЦЕ -ПЪРВИЧНА ИНТЕЛЕКТУАЛНА ОТГОВОРНОСТ
- Лично име: Райкин, Спас Тодоров
942 ## - Системна служебна употреба
- Koha auth type: PERSO_NAME